000 00839nam a2200241 i 4500
001 89352
003 ES-MaACL
005 20240424063047.0
007 t|
008 050110s1986 sp ||||1| spa d
020 _a84-249-0072-3
100 0 _aLapesa, Rafael,
_d1908-2001
_970146
245 1 0 _aHistoria de la lengua española /
_cRafael Lapesa ; prólogo de Ramón Menéndez Pidal.
250 _a9ª ed., corr. y aum., 5ª reimp.
260 _aMadrid :
_bGredos,
_c1986.
300 _a690 p. :
_bmapas pleg. ;
_c20 cm.
490 1 _aBiblioteca románica hispánica. III. Manuales ;
_v45
500 _aIndices.
700 1 _aMenéndez Pidal, Ramón,
_d1869-1968
_980315
830 0 _aBiblioteca románica hispánica. III. Manuales ;
_v45
_9177701
852 _aES-MaACL
_jL-10889
_bR.112605
999 _c89352
_d89352